[Event "Kieler Open 2017-A"]
[Site "Kiel"]
[Date "2017.07.29"]
[Round "1.30"]
[White "Haffner, Alexander"]
[Black "Kaiser, Johannes"]
[Result "1/2-1/2"]
[WhiteElo "2113"]
[BlackElo "1720"]
[Annotator "FS"]
[PlyCount "74"]
[WhiteTeam "SC Agon Neumünster"]
[BlackTeam "SG Kiel Ost"]

1. d4 d5 2. Nf3 Nf6 3. c4 e6 4. cxd5 exd5 5. Nc3 c6 6. Qc2 Be7 7. Bg5 Nbd7 8.
e3 h6 9. Bf4 O-O 10. h3 Qa5 11. Bd3 Re8 12. O-O Nf8 13. a3 Ne6 14. b4 Qd8 15.
Be5 a6 16. Na4 Bd6 17. Rac1 Ng5 18. Nxg5 hxg5 19. Bxd6 Qxd6 20. Nb6 Rb8 21.
Nxc8 Rbxc8 22. Bf5 Rc7 23. Qc5 Qxc5 24. Rxc5 Ne4 25. Bxe4 Rxe4 26. a4 Re6 27.
Rfc1 Rd6 28. b5 axb5 29. axb5 f6 30. Kf1 g6 31. Ke2 f5 32. Kd3 Kf7 33. bxc6
Rdxc6 34. f3 Ke6 35. e4 dxe4+ 36. fxe4 Rxc5 37. dxc5 Ke5 1/2-1/2

[Event "Kieler Open 2017-A"]
[Site "Kiel"]
[Date "2017.07.29"]
[Round "1.31"]
[White "Degenhardt, Andreas"]
[Black "Müller, Jan Hendrik"]
[Result "1/2-1/2"]
[WhiteElo "1777"]
[BlackElo "2109"]
[Annotator "FS"]
[PlyCount "41"]
[WhiteTeam "SC Lorsch"]
[BlackTeam "SK Marmstorf"]

1. d4 e6 2. Nd2 Nf6 3. Ngf3 c5 4. e3 b6 5. Bd3 Ba6 6. Qe2 Bxd3 7. Qxd3 Nc6 8.
a3 d5 9. b3 Be7 10. Bb2 O-O 11. O-O Nd7 12. Rac1 Bf6 13. c4 Rc8 14. cxd5 exd5
15. Rfe1 Re8 16. Rc2 cxd4 17. exd4 Rxe1+ 18. Nxe1 Nf8 19. Nef3 Ne6 20. g3 Ne7
21. Nf1 1/2-1/2

[Event "Kieler Open 2017-A"]
[Site "Kiel"]
[Date "2017.07.29"]
[Round "1.32"]
[White "Besenthal, Klaus-Günther"]
[Black "Gutschenreiter, Donato"]
[Result "1/2-1/2"]
[WhiteElo "2076"]
[BlackElo "1714"]
[Annotator "FS"]
[PlyCount "92"]
[WhiteTeam "SC Schachelschweine"]
[BlackTeam "Flensburger SK"]

1. d4 Nf6 2. Bf4 e6 3. e3 c5 4. c3 Nc6 5. Nd2 d5 6. Bd3 c4 7. Bc2 b5 8. Ngf3
Bd7 9. O-O b4 10. Ne5 bxc3 11. bxc3 Qa5 12. Nxd7 Nxd7 13. Ba4 Rc8 14. Rb1 Nb6
15. Bb5 Ba3 16. Qg4 g6 17. e4 O-O 18. Qg3 Rfd8 19. exd5 exd5 20. Rfe1 Bf8 21.
Bc7 Rd7 22. Bxb6 axb6 23. a4 Rdc7 24. Re2 Ne7 25. Rbe1 Nf5 26. Qf3 Bh6 27. Nf1
Nd6 28. Qxd5 Nxb5 29. Qxb5 Qxc3 30. Re8+ Bf8 31. Qxb6 Kg7 32. d5 Bc5 33. Qb5
Qd4 34. R8e2 Qxd5 35. Ne3 Qb7 36. Qxb7 Rxb7 37. Nxc4 Bxf2+ 38. Kxf2 Rxc4 39.
Ra1 Ra7 40. a5 Rc5 41. a6 Kf6 42. Rb2 Rc6 43. Rba2 Ke5 44. Kf3 f5 45. Ra5+ Kf6
46. Ke3 Rd6 1/2-1/2

[Event "Kieler Open 2017-A"]
[Site "Kiel"]
[Date "2017.07.29"]
[Round "1.33"]
[White "Lubenow, Olaf"]
[Black "Voelzke, Ferdinand"]
[Result "0-1"]
[WhiteElo "1703"]
[BlackElo "2134"]
[Annotator "FS"]
[PlyCount "46"]
[WhiteTeam "SK Kollmar"]
[BlackTeam "SG Turm Kiel"]

1. e4 d6 2. Nc3 Nf6 3. g3 e5 4. Bg2 Be7 5. d3 c6 6. Nh3 Nbd7 7. O-O b5 8. f4
Bb7 9. f5 d5 10. g4 b4 11. Ne2 Nxg4 12. exd5 cxd5 13. Ng3 Ndf6 14. Qe1 h5 15.
Ng5 Nxh2 16. Kxh2 Ng4+ 17. Kh3 Bxg5 18. Qxb4 Bxc1 19. Raxc1 Qb6 20. a3 Qxb4 21.
axb4 Kd7 22. Rce1 Kd6 23. Nxh5 Nf6 0-1

[Event "Kieler Open 2017-A"]
[Site "Kiel"]
[Date "2017.07.29"]
[Round "1.34"]
[White "Arndt, Magnus"]
[Black "Litau, Alexej"]
[Result "1-0"]
[WhiteElo "2072"]
[BlackElo "1701"]
[Annotator "FS"]
[PlyCount "61"]
[WhiteTeam "SK Doppelbauer Kiel"]
[BlackTeam "Itzehoer SV"]

1. e4 e6 2. d4 d5 3. Nc3 Nf6 4. Bg5 Bb4 5. Nge2 h6 6. Bxf6 Qxf6 7. a3 Bxc3+ 8.
Nxc3 dxe4 9. Nxe4 Qe7 10. Qd2 Bd7 11. O-O-O Bc6 12. Bd3 Bxe4 13. Bxe4 c6 14.
Rhe1 Nd7 15. Kb1 Nf6 16. Bf3 O-O 17. c4 Rfd8 18. Qe3 Qc7 19. h4 Qa5 20. g4 Rd7
21. Qe5 Qc7 22. Qe3 Rad8 23. g5 hxg5 24. hxg5 Ne8 25. Rh1 Nd6 26. Bg4 Nxc4 27.
Qh3 Kf8 28. Bxe6 Rxd4 29. Rxd4 Rxd4 30. Bxc4 Rxc4 31. Re1 1-0

[Event "Kieler Open 2017-A"]
[Site "Kiel"]
[Date "2017.07.29"]
[Round "1.35"]
[White "Wenske, Hardy"]
[Black "Wanner, Lukas"]
[Result "0-1"]
[WhiteElo "1826"]
[BlackElo "2008"]
[Annotator "FS"]
[PlyCount "70"]
[WhiteTeam "Kieler SG"]
[BlackTeam "SK Doppelbauer Kiel"]

1. Nf3 g6 2. d4 Nf6 3. e3 Bg7 4. Bd3 d6 5. Nbd2 O-O 6. O-O Nc6 7. c3 e5 8. h3
Qe7 9. dxe5 dxe5 10. e4 Rd8 11. Qe2 Nh5 12. Nb3 a5 13. Bg5 Bf6 14. Be3 a4 15.
Nbd2 Qf8 16. Rfd1 Be7 17. Bb5 Qg7 18. Nc4 f6 19. Bxc6 Rxd1+ 20. Rxd1 bxc6 21.
Qc2 Be6 22. b3 g5 23. Nh2 Nf4 24. f3 h5 25. Bxf4 gxf4 26. Kh1 Kh7 27. Qe2 Rg8
28. Nd2 Bc5 29. b4 Bxh3 30. Ng4 hxg4 31. gxh3 gxf3 32. Nxf3 Be3 33. Qh2 Qh6 34.
Rd7+ Kh8 35. Rxc7 Qh5 0-1

[Event "Kieler Open 2017-A"]
[Site "Kiel"]
[Date "2017.07.29"]
[Round "1.36"]
[White "Röttig, Hans-Peter"]
[Black "Eberhardt, Michael"]
[Result "1-0"]
[WhiteElo "2078"]
[BlackElo "1812"]
[Annotator "FS"]
[PlyCount "53"]
[WhiteTeam "SC Viernheim 1934 e.V."]
[BlackTeam "SC Agon Neumünster"]

1. e4 d5 2. exd5 Nf6 3. Nf3 Bg4 4. Bb5+ Nbd7 5. h3 Bh5 6. g4 Bg6 7. c4 a6 8.
Bxd7+ Nxd7 9. d4 Nb6 10. b3 h5 11. Ne5 Be4 12. f3 Bxb1 13. Rxb1 e6 14. Qe2 Bb4+
15. Kf1 Qf6 16. a3 Be7 17. dxe6 fxe6 18. Kg2 O-O-O 19. Bb2 Rhf8 20. Qe4 Qh6 21.
Rbd1 Nd7 22. Ng6 Rde8 23. Bc1 Bg5 24. f4 Rf6 25. fxg5 Qxg6 26. Qxg6 Rxg6 27.
gxh5 1-0

[Event "Kieler Open 2017-A"]
[Site "Kiel"]
[Date "2017.07.29"]
[Round "1.37"]
[White "Farokhi, Keyvan"]
[Black "Rieper, Julian"]
[Result "1/2-1/2"]
[WhiteElo "1726"]
[BlackElo "2048"]
[Annotator "FS"]
[PlyCount "75"]
[WhiteTeam "SK Doppelbauer Kiel"]
[BlackTeam "SK Doppelbauer Kiel"]

1. c4 e5 2. g3 g6 3. Bg2 Bg7 4. Nc3 d6 5. e3 f5 6. Nge2 Nf6 7. O-O c6 8. d4
Nbd7 9. e4 Nxe4 10. Nxe4 fxe4 11. Bxe4 O-O 12. d5 c5 13. b3 Nf6 14. Bg2 Bf5 15.
Bb2 Qd7 16. Qd2 b5 17. Rfe1 Rab8 18. f3 h5 19. Bc3 bxc4 20. bxc4 Qa4 21. Rac1
Rb7 22. h3 Rbf7 23. g4 hxg4 24. hxg4 Nxg4 25. fxg4 Bxg4 26. Ng3 Rf2 27. Qxf2
Rxf2 28. Kxf2 Bh6 29. Ne4 Qxc4 30. Rb1 Bf5 31. Rb8+ Bf8 32. Re3 Qxa2+ 33. Rb2
Qa4 34. Rb7 Bxe4 35. Bxe4 Bh6 36. Rb8+ Kg7 37. Rb7+ Kg8 38. Rb8+ 1/2-1/2

[Event "Kieler Open 2017-A"]
[Site "Kiel"]
[Date "2017.07.29"]
[Round "1.38"]
[White "Lenhardt, Manfred"]
[Black "Gehlsen, René"]
[Result "0-1"]
[WhiteElo "2096"]
[BlackElo "1635"]
[Annotator "FS"]
[PlyCount "126"]
[WhiteTeam "SC Weisse Dame (Berlin)"]
[BlackTeam "VHS Heide"]

1. Nf3 g6 2. g3 Bg7 3. Bg2 d6 4. d4 Nh6 5. O-O f6 6. e4 Nf7 7. Be3 O-O 8. c3
Nd7 9. Nbd2 Re8 10. Qb3 Nf8 11. h3 e6 12. Rad1 g5 13. c4 Rb8 14. c5 Bd7 15.
cxd6 cxd6 16. d5 Qa5 17. Nd4 exd5 18. Nf5 Qb5 19. Rfe1 Qxb3 20. axb3 dxe4 21.
Nxg7 Kxg7 22. Nxe4 b6 23. Nxd6 Nxd6 24. Rxd6 Re6 25. Rd4 Bc6 26. Bf1 Rb7 27.
Rc1 Be8 28. Rc8 Bd7 29. Ra8 Re7 30. Bg2 Rc7 31. h4 h6 32. Bd2 Ne6 33. Rd6 Nc5
34. Bc3 Be6 35. hxg5 hxg5 36. Bd5 Rcd7 37. Rxd7 Rxd7 38. Bc4 Bxc4 39. bxc4 Na4
40. Bb4 Nxb2 41. Bf8+ Kf7 42. c5 Na4 43. Rc8 Nxc5 44. Bxc5 bxc5 45. Rxc5 a6 46.
Kg2 Rd6 47. g4 Ke6 48. Ra5 Kd7 49. f4 gxf4 50. Kf3 Kc7 51. Kxf4 Kb6 52. Rh5 a5
53. Ke3 a4 54. Rh8 Kb5 55. Rb8+ Rb6 56. Ra8 Kb4 57. Kd2 Kb3 58. Kc1 Rb4 59. Rg8
Rf4 60. g5 fxg5 61. Rxg5 Rf1+ 62. Kd2 a3 63. Rg8 a2 0-1

[Event "Kieler Open 2017-A"]
[Site "Kiel"]
[Date "2017.07.29"]
[Round "1.39"]
[White "Sasaki, Yu"]
[Black "Bendel, Ralf"]
[Result "0-1"]
[WhiteElo "1632"]
[BlackElo "2124"]
[Annotator "FS"]
[PlyCount "136"]
[WhiteTeam "Japan"]
[BlackTeam "SC Friedberg Gehörl. SV"]


1. e4 c5 2. Nf3 d6 3. d4 cxd4 4. Nxd4 Nf6 5. Nc3 a6 6. Bg5 e6 7. Qd2 Be7 8. Bd3
Nbd7 9. O-O Qc7 10. Rad1 b5 11. a3 O-O 12. Rfe1 Bb7 13. h3 Rac8 14. Nf3 Rfe8
15. Qf4 e5 16. Qg3 Nf8 17. Bxf6 Bxf6 18. Nd5 Qd8 19. Nxf6+ Qxf6 20. Nh4 g6 21.
Re3 Qf4 22. Nf5 Rc6 23. Rf3 Qxg3 24. Rxg3 Ne6 25. c3 Kf8 26. Nh6 Ke7 27. Rf3
Rf8 28. Kh2 Rc7 29. Bb1 Nc5 30. Re3 Bc8 31. f3 Be6 32. Ng4 h5 33. Nf2 Bb3 34.
Rd2 h4 35. Nd3 Na4 36. Nb4 a5 37. Nd5+ Bxd5 38. exd5 g5 39. Bd3 Rb8 40. g3
hxg3+ 41. Kxg3 Nc5 42. Rf2 b4 43. cxb4 axb4 44. Bf5 Kf6 45. Bh7 Ra7 46. Kg4
Rab7 47. h4 Kg7 48. Bc2 bxa3 49. bxa3 gxh4 50. Kxh4 Rh8+ 51. Kg3 Nd7 52. f4
exf4+ 53. Kxf4 Ne5 54. Rg2+ Kf6 55. Reg3 Rc7 56. Rf2 Rh4+ 57. Ke3+ Ke7 58. Rg7
Ng4+ 59. Rxg4 Rxg4 60. Bf5 Rg3+ 61. Kf4 Rxa3 62. Kg5 Rg3+ 63. Kf4 Rg1 64. Bd3
Rc3 65. Bb5 Re1 66. Ra2 Re5 67. Ra7+ Kf6 68. Rd7 Rxd5 0-1

[Event "Kieler Open 2017-A"]
[Site "Kiel"]
[Date "2017.07.29"]
[Round "1.40"]
[White "Ritter, Uwe"]
[Black "Oltmanns, Marc"]
[Result "1-0"]
[WhiteElo "2056"]
[BlackElo "1679"]
[Annotator "FS"]
[PlyCount "71"]
[WhiteTeam "SC Bad Zwischenahn"]
[BlackTeam "Raisdorfer SG"]

1. e4 Nf6 2. e5 Nd5 3. c4 Nb6 4. d4 d6 5. exd6 exd6 6. Nc3 Bf5 7. Qf3 Qc8 8.
Bg5 Nc6 9. O-O-O Be7 10. Bxe7 Nxe7 11. Re1 Bg6 12. c5 Nd7 13. Nd5 Ne5 14. dxe5
Nxd5 15. exd6+ Kd7 16. Qxd5 c6 17. Qe5 Re8 18. Qxe8+ Qxe8 19. Rxe8 Rxe8 20. Nf3
Bh5 21. Bd3 Bxf3 22. gxf3 a5 23. Kd2 Re5 24. Rc1 Rh5 25. h3 g6 26. Rc4 Rxh3 27.
Rf4 Ke8 28. Re4+ Kd8 29. Ke3 Rh1 30. Re7 f5 31. Rxb7 Re1+ 32. Kd2 Re5 33. Bc4
h5 34. f4 Rxc5 35. Be6 Rb5 36. Rh7 1-0

[Event "Kieler Open 2017-A"]
[Site "Kiel"]
[Date "2017.07.29"]
[Round "1.41"]
[White "Helmich, Jörg"]
[Black "Tresch, Lukas"]
[Result "0-1"]
[WhiteElo "1722"]
[BlackElo "2038"]
[Annotator "FS"]
[PlyCount "80"]
[WhiteTeam "Regensburger Turnerschaft"]
[BlackTeam "SK Frankenthal"]

1. e4 e5 2. f4 exf4 3. Bc4 Nf6 4. Nc3 c6 5. Bb3 d5 6. exd5 cxd5 7. d4 Bd6 8.
Nge2 O-O 9. Bxf4 Bxf4 10. Nxf4 Re8+ 11. Nfe2 Ng4 12. Nxd5 Be6 13. h3 Bxd5 14.
hxg4 Bxg2 15. Rh2 Bf3 16. Qd3 Be4 17. Qc4 Qe7 18. O-O-O Nc6 19. Rf1 Bg6 20. Nf4
Qe3+ 21. Rd2 Na5 22. Qd5 Nxb3+ 23. Qxb3 Qxb3 24. axb3 Be4 25. Re1 Bf3 26. Rxe8+
Rxe8 27. c4 Bxg4 28. Rg2 h5 29. d5 g5 30. Nd3 Re2 31. Rxe2 Bxe2 32. d6 Kf8 33.
Ne5 f6 34. Nd7+ Kf7 35. Nc5 b6 36. Ne4 h4 37. d7 Ke7 38. Nxf6 Bf3 39. Nh7 h3
40. Nxg5 h2 0-1

[Event "Kieler Open 2017-A"]
[Site "Kiel"]
[Date "2017.07.29"]
[Round "1.42"]
[White "Oltzen, Samuel"]
[Black "Vorsilka, Jiri"]
[Result "1-0"]
[WhiteElo "1990"]
[BlackElo "1593"]
[Annotator "FS"]
[PlyCount "81"]
[WhiteTeam "Lübecker SV"]
[BlackTeam "Prag"]

1. e4 c5 2. Nf3 d6 3. d4 cxd4 4. Nxd4 Nf6 5. Nc3 a6 6. Be3 e5 7. Nb3 Be7 8. f3
O-O 9. Qd2 Nbd7 10. O-O-O b5 11. g4 Bb7 12. g5 Ne8 13. h4 b4 14. Nd5 Bxd5 15.
exd5 a5 16. Kb1 a4 17. Nc1 Qa5 18. h5 b3 19. cxb3 axb3 20. Qxa5 Rxa5 21. Nxb3
Ra8 22. Bb5 Nc5 23. Nxc5 dxc5 24. Rh2 Rb8 25. Bc6 f5 26. f4 exf4 27. Bxf4 Bd6
28. Bxd6 Nxd6 29. g6 Ne4 30. Kc2 f4 31. d6 Ng5 32. Bd5+ Kh8 33. Rf2 Rb6 34. d7
Rd6 35. Bc6 Rxd1 36. Kxd1 Ne6 37. Re2 f3 38. Rxe6 f2 39. Bg2 f1=Q+ 40. Bxf1
Rxf1+ 41. Ke2 1-0

[Event "Kieler Open 2017-A"]
[Site "Kiel"]
[Date "2017.07.29"]
[Round "1.43"]
[White "Maas, Kolja"]
[Black "Jordan, Christian"]
[Result "0-1"]
[WhiteElo "1527"]
[BlackElo "2182"]
[Annotator "FS"]
[PlyCount "58"]
[WhiteTeam "Lübecker SV"]
[BlackTeam "SK Lehrte"]

1. e4 e6 2. d4 b6 3. f4 d5 4. e5 Ba6 5. Bxa6 Nxa6 6. a3 Qd7 7. Qd3 Nb8 8. Ne2
c5 9. c4 dxc4 10. Qxc4 Nc6 11. Be3 cxd4 12. Nxd4 Rc8 13. Nxc6 Rxc6 14. Qe4 Nh6
15. O-O Ng4 16. b4 Nxe3 17. Qxe3 a5 18. Qe4 Be7 19. Ra2 O-O 20. Rd2 Qc8 21. b5
Rc4 22. Qf3 Qc5+ 23. Kh1 Qxb5 24. Nc3 Qc6 25. Qxc6 Rxc6 26. Nb5 Rc5 27. Nd6 Rd8
28. Rfd1 f6 29. exf6 Bxd6 0-1

[Event "Kieler Open 2017-A"]
[Site "Kiel"]
[Date "2017.07.29"]
[Round "1.44"]
[White "Rohde, Patrick"]
[Black "Rempe, Jonas"]
[Result "1-0"]
[WhiteElo "1939"]
[BlackElo "1749"]
[Annotator "FS"]
[PlyCount "73"]
[WhiteTeam "Elmshorner SC"]
[BlackTeam "SK Doppelbauer Kiel"]

1. e4 e5 2. Nf3 Nc6 3. Bb5 a6 4. Ba4 Nf6 5. O-O Be7 6. Qe2 b5 7. Bb3 O-O 8. c3
d5 9. exd5 Nxd5 10. Nxe5 Nxe5 11. Qxe5 c6 12. Bxd5 cxd5 13. d4 Bd6 14. Qg5 Qc7
15. f4 f5 16. Nd2 Rf6 17. Nf3 Bb7 18. Ne5 Raf8 19. Bd2 Bxe5 20. fxe5 Rg6 21.
Qh5 Bc8 22. Qf3 Be6 23. Qd3 Qc6 24. Rf3 Qe8 25. a4 bxa4 26. Qxa6 Bd7 27. Qd3
Qf7 28. Raf1 Qe8 29. Qc2 Qf7 30. Bc1 Rb6 31. Kh1 Rb3 32. g4 Bb5 33. R1f2 f4 34.
Rxf4 Qe7 35. Rxf8+ Qxf8 36. Rxf8+ Kxf8 37. Qf5+ 1-0

[Event "Kieler Open 2017-A"]
[Site "Kiel"]
[Date "2017.07.29"]
[Round "1.45"]
[White "Schmieder, Kerstin"]
[Black "Prasse, Philipp"]
[Result "0-1"]
[WhiteElo "1674"]
[BlackElo "2013"]
[Annotator "FS"]
[PlyCount "60"]
[WhiteTeam "ESV Nickelhütte Aue"]
[BlackTeam "Bille SC"]

1. d4 d5 2. Nc3 c6 3. e4 dxe4 4. Nxe4 Bf5 5. Ng3 Bg6 6. Nf3 e6 7. Bf4 Nf6 8. c4
c5 9. Be2 cxd4 10. Qxd4 Bb4+ 11. Bd2 Qa5 12. O-O Nc6 13. Qe3 O-O 14. a3 Bxd2
15. Nxd2 Rfd8 16. b4 Qc7 17. h3 Nd4 18. Rac1 Nxe2+ 19. Nxe2 Rd3 20. Qg5 h6 21.
Qh4 Rxd2 22. Nc3 Rad8 23. Nb5 Qb8 24. c5 Bd3 25. Nd6 Bxf1 26. Kxf1 R8xd6 27.
cxd6 Qxd6 28. Qc4 Rd1+ 29. Ke2 Qd2+ 30. Kf3 Rxc1 0-1

[Event "Kieler Open 2017-A"]
[Site "Kiel"]
[Date "2017.07.29"]
[Round "1.46"]
[White "Schaefer, Martin"]
[Black "Hoppe, Marc"]
[Result "1-0"]
[WhiteElo "2001"]
[BlackElo "1732"]
[Annotator "FS"]
[PlyCount "59"]
[WhiteTeam "SG Ennepe-Ruhr-Süd"]
[BlackTeam "SF Olfen"]

1. d4 d5 2. c4 e6 3. Nf3 Nf6 4. g3 Bb4+ 5. Bd2 Bxd2+ 6. Qxd2 b6 7. Bg2 Nc6 8.
Ne5 Bb7 9. Nc3 O-O 10. O-O a6 11. Rfd1 Qd6 12. Qf4 Ne7 13. Rac1 c6 14. Na4 Qb4
15. b3 Nc8 16. cxd5 cxd5 17. Rc7 Nd6 18. Nd3 Qa3 19. Nxb6 Rad8 20. Qd2 Nfe4 21.
Qb4 Qxa2 22. Bxe4 Nxe4 23. Rxb7 Qxe2 24. Qe1 Qxe1+ 25. Rxe1 Rb8 26. Rxb8 Rxb8
27. Nd7 Rxb3 28. N3c5 Nxc5 29. dxc5 Rb7 30. c6 1-0

[Event "Kieler Open 2017-A"]
[Site "Kiel"]
[Date "2017.07.29"]
[Round "1.47"]
[White "Behrendt, Matthias"]
[Black "Benzen, Marthe"]
[Result "0-1"]
[WhiteElo "1703"]
[BlackElo "2016"]
[Annotator "FS"]
[PlyCount "70"]
[WhiteTeam "SC Agon Neumünster"]
[BlackTeam "SK Doppelbauer Kiel"]

1. d4 Nf6 2. Nf3 g6 3. g3 Bg7 4. Bg2 d6 5. c4 O-O 6. O-O Nc6 7. Nc3 e5 8. d5
Na5 9. Nd2 c5 10. a3 b6 11. b4 Nb7 12. Bb2 Bd7 13. Nde4 Nxe4 14. Nxe4 Qc8 15.
Qc2 f5 16. Ng5 Bf6 17. h4 cxb4 18. axb4 a5 19. b5 Bxb5 20. Ne6 Rf7 21. Rac1 Bd7
22. h5 Nc5 23. hxg6 hxg6 24. g4 e4 25. Bxf6 Rxf6 26. Qc3 Rf7 27. gxf5 gxf5 28.
Qg3+ Kh8 29. Qh4+ Rh7 30. Qf6+ Kg8 31. Qg6+ Kh8 32. Qxf5 Bxe6 33. dxe6 Qxe6 34.
Qxe6 Nxe6 35. Rc3 Nf4 0-1

[Event "Kieler Open 2017-A"]
[Site "Kiel"]
[Date "2017.07.29"]
[Round "1.48"]
[White "Dittmann, Hans-Adolf"]
[Black "Rommeck, Christiane"]
[Result "1-0"]
[WhiteElo "2073"]
[BlackElo "1616"]
[Annotator "FS"]
[PlyCount "78"]
[WhiteTeam "SK Doppelbauer Kiel"]
[BlackTeam "SK Doppelbauer Kiel"]

1. e4 d5 2. exd5 Qxd5 3. Nc3 Qd6 4. Bc4 Bf5 5. Qf3 Qe5+ 6. Nge2 Nc6 7. O-O
O-O-O 8. d3 e6 9. Bf4 Qf6 10. a4 Bd6 11. Nb5 Bxf4 12. Qxf4 e5 13. Qe3 Kb8 14.
f4 Nh6 15. Rae1 Rhe8 16. Qg3 a6 17. Nbc3 Bg6 18. fxe5 Qxe5 19. Kh1 Nf5 20. Qxe5
Nxe5 21. Bb3 Ng4 22. h3 Nge3 23. Rf4 Rd7 24. Re4 Rde7 25. Rxe7 Rxe7 26. g4 Nh4
27. Ng1 f5 28. Re2 Be8 29. gxf5 Bc6+ 30. Ne4 Nhxf5 31. Kh2 Rxe4 32. dxe4 Bxe4
33. Rf2 g5 34. Ne2 g4 35. Ng3 Nxg3 36. Kxg3 gxh3 37. Re2 Nf1+ 38. Kxh3 Bf5+ 39.
Kg2 Bg4 1-0

[Event "Kieler Open 2017-A"]
[Site "Kiel"]
[Date "2017.07.29"]
[Round "1.50"]
[White "Deutschbein, Christopher"]
[Black "Samuelson, Bernd"]
[Result "1/2-1/2"]
[WhiteElo "2019"]
[BlackElo "1438"]
[Annotator "FS"]
[PlyCount "107"]
[WhiteTeam "Eckernförder SC"]
[BlackTeam "Jorker SV"]

1. e4 d5 2. exd5 Qxd5 3. Nc3 Qd6 4. d4 Nf6 5. Bc4 a6 6. f3 e6 7. Nge2 b5 8. Bd3
Bb7 9. O-O Be7 10. Be3 O-O 11. Ng3 Qd8 12. Nce4 Nbd7 13. c4 bxc4 14. Bxc4 Bd5
15. Rc1 c6 16. Bb3 Qb8 17. Nd2 Bd6 18. Bf2 Bf4 19. Rc3 Rc8 20. Nde4 Bc7 21.
Bxd5 cxd5 22. Rb3 Qa7 23. Nc5 Bb6 24. Nxd7 Nxd7 25. Qd2 Rc4 26. Ne2 Rac8 27.
Rc3 Ba5 28. Rxc4 Bxd2 29. Rxc8+ Nf8 30. Bg3 Qd7 31. Rc2 Be3+ 32. Bf2 Bxf2+ 33.
Kxf2 h5 34. Rfc1 Ng6 35. b3 Qe7 36. g3 Qf6 37. Rc6 Ne7 38. Rxa6 Nf5 39. Ra4 h4
40. Rh1 Qh6 41. Rf1 hxg3+ 42. hxg3 Qe3+ 43. Ke1 Nxg3 44. Rf2 g6 45. Ra8+ Kg7
46. Rc8 Nf5 47. Rc3 Qh6 48. b4 Qh1+ 49. Rf1 Qh4+ 50. Kd2 Qg5+ 51. f4 Qg2 52.
Rg1 Qf2 53. Rd3 Nd6 54. Kd1 1/2-1/2

[Event "Kieler Open 2017-A"]
[Site "Kiel"]
[Date "2017.07.29"]
[Round "1.51"]
[White "Müller, Richard"]
[Black "Schramm, Bernd"]
[Result "0-1"]
[WhiteElo "1484"]
[BlackElo "2036"]
[Annotator "FS"]
[PlyCount "94"]
[WhiteTeam "ESV Nickelhütte Aue"]
[BlackTeam "Kieler SG"]

1. Nf3 Nf6 2. g3 b6 3. Bg2 Bb7 4. O-O d6 5. d3 Nbd7 6. c3 e5 7. Qb3 Bd5 8. c4
Bb7 9. Qc2 Be7 10. Nc3 O-O 11. b4 Re8 12. Bg5 h6 13. Bxf6 Nxf6 14. Qb3 Bf8 15.
c5 d5 16. cxb6 cxb6 17. Rac1 Qd7 18. Rc2 d4 19. Nb1 Bd6 20. Nbd2 b5 21. Rfc1
Rac8 22. h4 Rxc2 23. Rxc2 Rc8 24. a3 Bd5 25. Qb2 Rxc2 26. Qxc2 Qc7 27. Qxc7
Bxc7 28. Ne1 a5 29. Nc2 Kf8 30. e4 dxe3 31. Nxe3 Bxg2 32. Kxg2 axb4 33. axb4
Bd6 34. Nf3 g6 35. Nc2 Nd5 36. Kf1 Ke7 37. d4 e4 38. Nd2 f5 39. Nb3 Bxb4 40.
Ke2 Bd6 41. Nc1 Ke6 42. Na2 g5 43. hxg5 hxg5 44. Ne3 Nxe3 45. Kxe3 Kd5 46. Nc3+
Kc4 47. Ne2 b4 0-1

[Event "Kieler Open 2017-A"]
[Site "Kiel"]
[Date "2017.07.29"]
[Round "2.1"]
[White "Buchholz, Sebastian"]
[Black "Krause, Benedict"]
[Result "0-1"]
[WhiteElo "2134"]
[BlackElo "2424"]
[Annotator "hjh"]
[PlyCount "54"]

1. e4 c6 2. Bc4 d5 3. Bb3 dxe4 4. Qh5 g6 5. Qh4 Nf6 6. Nc3 Nbd7 7. Nxe4 Nxe4 8.
Qxe4 Nc5 9. Qe3 Nxb3 10. axb3 Bg7 11. Nf3 a6 12. O-O O-O 13. Re1 Re8 14. d3 e5
15. Bd2 Bf5 16. Ba5 Qd6 17. Qb6 e4 18. dxe4 Bxe4 19. Rad1 Qf4 20. Bd2 Qg4 21.
h3 Qf5 22. Rxe4 Qxe4 23. Qxb7 Qxc2 24. Rc1 Qxb2 25. Rxc6 Rad8 26. Be3 Rxe3 27.
fxe3 Rd1+ 0-1

[Event "Kieler Open 2017-A"]
[Site "Kiel"]
[Date "2017.07.29"]
[Round "2.2"]
[White "Lanka, Zigurds"]
[Black "Möller, Dustin"]
[Result "1-0"]
[WhiteElo "2434"]
[BlackElo "2079"]
[Annotator "hjh"]
[PlyCount "79"]

1. e4 e6 2. d4 d5 3. Nc3 Nf6 4. e5 Nfd7 5. f4 c5 6. Nce2 Nc6 7. Nf3 Be7 8. g3
O-O 9. Bh3 b6 10. c3 Qe8 11. O-O Ba6 12. a3 cxd4 13. cxd4 Na5 14. Rf2 Bc4 15.
Be3 Bb3 16. Qb1 Rc8 17. Nc3 Nc4 18. Qd3 Nxe3 19. Qxe3 Nb8 20. Nd2 Bc4 21. f5
exf5 22. Bxf5 Rd8 23. b3 Ba6 24. b4 Kh8 25. Re1 f6 26. e6 g6 27. Bc2 Rd6 28.
Qh6 f5 29. Nf3 Bf6 30. b5 Bb7 31. Rfe2 Qe7 32. Nd1 Bg7 33. Qf4 Bf6 34. Nf2 Bc8
35. Nh3 Bb7 36. Nhg5 Rdd8 37. Nf7+ Rxf7 38. exf7 Qxf7 39. Ng5 Qd7 40. Re6 1-0

[Event "Kieler Open 2017-A"]
[Site "Kiel"]
[Date "2017.07.29"]
[Round "2.3"]
[White "Voelzke, Ferdinand"]
[Black "Kopylov, Michael"]
[Result "0-1"]
[WhiteElo "2134"]
[BlackElo "2428"]
[Annotator "hjh"]
[PlyCount "98"]

1. Nf3 d5 2. g3 c6 3. Bg2 Bg4 4. O-O Nd7 5. d4 e6 6. Nbd2 Ngf6 7. Re1 Be7 8. e4
dxe4 9. Nxe4 O-O 10. c3 c5 11. Nxf6+ Bxf6 12. dxc5 Nxc5 13. Qe2 Nd3 14. Rd1
Nxc1 15. Raxc1 Qa5 16. a3 Qf5 17. Re1 Rad8 18. Rcd1 h5 19. h4 e5 20. Qe3 b6 21.
Rxd8 Rxd8 22. Nh2 Bd1 23. Nf1 Qc2 24. Qe4 Qxb2 25. Ne3 Bb3 26. c4 Qd4 27. Qf5
e4 28. Nd5 Bxc4 29. Bxe4 Kf8 30. Nxf6 Qxf6 31. Qxh5 g6 32. Qh6+ Qg7 33. Qg5 Re8
34. Re3 Qd4 35. Qh6+ Qg7 36. Qg5 b5 37. Kh2 a5 38. Bc6 Rb8 39. Qc5+ Kg8 40. Qd6
Qf8 41. Qxf8+ Kxf8 42. Re5 Rb6 43. Re8+ Kg7 44. Rc8 Kf6 45. Bf3 Ke5 46. Ra8 a4
47. g4 Rf6 48. Re8+ Re6 49. Rd8 b4 0-1

[Event "Kieler Open 2017-A"]
[Site "Kiel"]
[Date "2017.07.29"]
[Round "2.4"]
[White "Voloshin, Leonid"]
[Black "Arndt, Magnus"]
[Result "1-0"]
[WhiteElo "2382"]
[BlackElo "2072"]
[Annotator "hjh"]
[PlyCount "65"]

1. d4 Nf6 2. Nf3 e6 3. c4 b6 4. a3 Bb7 5. Nc3 d5 6. cxd5 Nxd5 7. Qc2 Be7 8. e4
Nxc3 9. bxc3 O-O 10. Bd3 c5 11. O-O Nc6 12. Bb2 Rc8 13. Qe2 Re8 14. Rad1 Bf8
15. Rfe1 Qc7 16. Bb5 Red8 17. d5 exd5 18. exd5 Na5 19. c4 a6 20. Ba4 b5 21.
cxb5 axb5 22. Bxb5 Bxd5 23. a4 c4 24. Bc3 Nb3 25. Ng5 h6 26. Ne4 Qb7 27. Nf6+
gxf6 28. Qg4+ Kh7 29. Qf5+ Kg8 30. Qxf6 Kh7 31. Qh8+ Kg6 32. Qg8+ Kh5 33. Re5+
1-0

[Event "Kieler Open 2017-A"]
[Site "Kiel"]
[Date "2017.07.29"]
[Round "2.5"]
[White "Wanner, Lukas"]
[Black "Krause, Jonah"]
[Result "0-1"]
[WhiteElo "2008"]
[BlackElo "2328"]
[Annotator "hjh"]
[PlyCount "72"]

1. c4 g6 2. g3 Bg7 3. Bg2 Nf6 4. Nc3 O-O 5. e4 d6 6. Nge2 c5 7. O-O Nc6 8. d3
a6 9. h3 Rb8 10. a4 Ne8 11. Rb1 Nc7 12. Be3 Ne6 13. Qd2 Ned4 14. f4 e6 15. b3
Qa5 16. g4 Bd7 17. Kh2 b5 18. axb5 axb5 19. f5 Nxe2 20. f6 Bxf6 21. Nxe2 Be5+
22. Kh1 Qxd2 23. Bxd2 b4 24. Bf4 Bxf4 25. Rxf4 e5 26. Rf6 Be6 27. Rff1 Ra8 28.
Ra1 h6 29. Kg1 Rfb8 30. Rfb1 Ra3 31. Kf2 Rba8 32. Rxa3 Rxa3 33. Nc1 Nd4 34. Bf3
Kg7 35. Bd1 f5 36. Kg3 fxe4 0-1

[Event "Kieler Open 2017-A"]
[Site "Kiel"]
[Date "2017.07.29"]
[Round "2.6"]
[White "Uksini, Bardhyl"]
[Black "Röttig, Hans-Peter"]
[Result "1-0"]
[WhiteElo "2304"]
[BlackElo "2078"]
[Annotator "hjh"]
[PlyCount "67"]

1. Nf3 d6 2. g3 f5 3. Bg2 Nf6 4. O-O g6 5. b4 Bg7 6. Bb2 e5 7. c4 O-O 8. d3 h6
9. Nbd2 Nc6 10. b5 Ne7 11. a4 g5 12. Qb3 Be6 13. Qa3 Qe8 14. c5 Rd8 15. cxd6
cxd6 16. Rac1 Qh5 17. Rc7 Ng6 18. Rxb7 Bd5 19. Rxa7 f4 20. Rc1 fxg3 21. hxg3
Ng4 22. Rcc7 Bh8 23. Rd7 Rxd7 24. Rxd7 Nxf2 25. Kxf2 Be6 26. Rxd6 Bf7 27. b6 g4
28. b7 Nf4 29. gxf4 exf4 30. Rg6+ Qxg6 31. Qxf8+ Kxf8 32. b8=Q+ Be8 33. Bxh8
gxf3 34. Qxf4+ 1-0